header

Prisoners of want (Record no. 124760)

MARC details
000 -LEADER
fixed length control field 02175nam a2200421 a 4500
082 04 - DEWEY DECIMAL CLASSIFICATION NUMBER
Classification number 331.13/7094409043
100 1# - MAIN ENTRY--AUTHOR NAME
Personal name Perry, Matt,
245 10 - TITLE STATEMENT
Title Prisoners of want
260 ## - PUBLICATION, DISTRIBUTION, ETC. (IMPRINT)
Place of publication Aldershot, England ;
-- Burlington, VT :
Name of publisher Ashgate,
Year of publication c2007.
300 ## - PHYSICAL DESCRIPTION
Number of Pages xiv, 296 p. :
Other physical details ill.
490 1# - SERIES STATEMENT
Series statement Studies in labour history
505 0# - FORMATTED CONTENTS NOTE
Formatted contents note The experience of unemployment in France between the wars -- Movements of the unemployed in the 1920s -- The Parisian unemployed movement, 1930-33 -- Early regional unemployed movements, 1931-33 -- The Lille to Paris hunger march -- After the hunger march : the rising militancy of the unemployed in 1934 -- The coming of the Popular Front and the unemployed movements -- The Popular Front government and the unemployed -- Unemployment and the war years, 1940-45.
650 #0 - SUBJECT ADDED ENTRY--TOPICAL TERM
Topical Term Unemployed
Topical Term Manpower policy
Topical Term Labor movement
856 40 - ELECTRONIC LOCATION AND ACCESS
Uniform Resource Identifier http://site.ebrary.com/lib/rucke/Doc?id=10211312

No items available.

© 2026 Rongo University
Contact us: librarian | system librarian | Rongo university